000 00496nam a2200193 a 4500
001 1768117515488
003 YourLibrary
005 20260112125813.0
008 260111s2008##################000#0#eng##
020 _a9781427798299
082 0 4 _a302.2244
_bCOR
100 1 _aCorcoran, John,
_eauthor.
245 1 0 _aThe Bridge to Literacy :
260 _bKaplan Publishing,
_c2008.
300 _a288 pages
650 0 _aEducation.
942 _cENGLISH
040 _aYourLibrary
_beng
_cYourLibrary
999 _c608245
_d608245